000 00250nam a2200097Ia 4500
001 1099745
005 20250827003139.0
008 250824s9999 xx 000 0 und d
245 0 _aÇANAKKALE DESTAN
_cYAVUZ BAHADIROĞLU
260 _bPANAMA YAYINLARI
999 _c1099745
_d1099745